000 00577nam a22001817a 4500
005 20170816154735.0
010 _aENG-119826
020 _a9788180642319
_c300.00
035 _aEN-103358
037 _bDBAD/PUB
082 _a300
245 _aTrends and developments in science, social science and humanities /
_cedited by Gour Chandra Ghosh
260 _aKolkata
_bProgressive Publishers
_c2015
270 _a37A, College Street
_bKolkata
_e700073
300 _a420p.:
_c22cm(pbk)
_b ill.
700 _aGhosh, Gour Chandra
942 _2ddc
_cEN
_h300
_mTRE
999 _c143428
_d143428